000 00596nam a2200181Ia 4500
003 GCL
008 140319s9999 xx 000 0 ara d
040 _aGCL /
_cGCL
082 0 4 _a234.8
_bد م
100 1 _aالدارقطنى البغدادى , ابى الحسن
245 1 0 _aالمؤتلف والمختلف /
_cالدارقطنى البغدادى , ابى الحسن
700 1 _aموفق بن عبد الله بن عبد القادر
260 _a[S.N] :
_bدار الغرب الاسلامى ،
_c1986
300 _a542 ص
490 _a
650 0 4 _aالحديث
942 _2ddc
_cBK
999 _c31841
_d31841